000 00917nam0a22002651 4500
001 rc\174708
005 20250620220729.0
010 _a5-217-02499-2
_91000
035 _a(NLR Aleph) 005436124
090 _a4708049
_c4708049
100 _a20030307d1993 |||y0rusy50 ca
101 0 _arus
102 _aRU
105 _aa |||||||||
200 1 _aОболочки из стекла
_eРасчет напряж.-деформир. состояния
210 _aМ.
_cМашиностроение
_d1993
215 _a208 с.
_cил.
_d21
320 _aБиблиогр.: с. 204-206 (43 назв.)
700 1 _7ca
_8rus
_aПаймушин
_bВ. Н.
_f1947-
_gВиталий Николаевич
_9171861
_3RU\NLR\AUTH\770171911
701 1 _aФирсов
_bВ.А.
_gВячеслав Анатольевич
801 0 _aRU
_bNLR
_gpsbo
801 1 _aRU
_bELAR
_2rusmarc
852 _aNLR
_j93-3/7147
942 _cBOOK
980 _aNB